Online
Catalog

El libro de la perfecta vacuidad / (Record no. 35053)

MARC details
000 -CABECERA
campo de control de longitud fija 00649nam a2200217 a 4500
001 - NÚMERO DE CONTROL
campo de control 000035562
005 - FECHA Y HORA DE LA ÚLTIMA TRANSACCIÓN
campo de control 20200930074432.0
008 - DATOS DE LONGITUD FIJA--INFORMACIÓN GENERAL
campo de control de longitud fija 111103s1994 sp 000 0 spa d
020 ## - NÚMERO INTERNACIONAL ESTÁNDAR DEL LIBRO
Número Internacional Estándar del Libro 8472453367
040 ## - FUENTE DE LA CATALOGACIÓN
Centro catalogador/agencia de origen DO-SdBNP
Lengua de catalogación spa
Centro/agencia transcriptor BNPHU
082 ## - NÚMERO DE LA CLASIFICACIÓN DECIMAL DEWEY
Número de clasificación 299.514
Número de documento/Ítem Z64L, 1994
100 1# - ENTRADA PRINCIPAL--NOMBRE DE PERSONA
Nombre de persona Lie, Zie
9 (RLIN) 61464
245 13 - MENCIÓN DE TÍTULO
Título El libro de la perfecta vacuidad /
Mención de responsabilidad, etc. Lie Zi; traducción Iñaki Preciado.
250 ## - MENCIÓN DE EDICIÓN
Mención de edición 2a ed.
260 ## - PUBLICACIÓN, DISTRIBUCIÓN, ETC.
Lugar de publicación, distribución, etc. Barcelona :
Nombre del editor, distribuidor, etc. Kairós,
Fecha de publicación, distribución, etc. 1994.
300 ## - DESCRIPCIÓN FÍSICA
Extensión 210 p. ;
Dimensiones 20 cm.
504 ## - NOTA DE BIBLIOGRAFÍA, ETC.
Nota de bibliografía, etc. Bibliografía: p. 207-209
650 #4 - PUNTO DE ACCESO ADICIONAL DE MATERIA--TÉRMINO DE MATERIA
Término de materia o nombre geográfico como elemento de entrada Taoísmo
9 (RLIN) 46348
700 12 - PUNTO DE ACCESO ADICIONAL--NOMBRE DE PERSONA
Nombre de persona Preciado, Iñaki
Títulos y otros términos asociados al nombre tr.
9 (RLIN) 61465
910 ## - DATOS DE OPCIÓN DEL USUARIO (OCLC)
Datos de opción del usuario Validado. Control de calidad MFF
Holdings
Estado de retiro Estado de pérdida Restricciones de uso No para préstamo Código de colección Localización permanente Ubicación/localización actual Ubicación en estantería Fecha de adquisición Número de inventario Total de préstamos Signatura topográfica completa Código de barras Fecha visto por última vez Precio válido a partir de Tipo de ítem Koha
      Excluido de préstamo Monografías: Libros y Folletos General General Depósito 03.11.2011 LF1   299.514 Z64L, 1994 35562-10 25.06.2020 25.06.2020 No se presta

Powered by Koha